| 000 | 02277nam0a2200385 i 4500 | ||
|---|---|---|---|
| 001 | RU\NLR\BIBL_A\010354155 | ||
| 005 | 20260408103710.0 | ||
| 010 |
_a9785901003404 _9500 |
||
| 021 |
_aRU _b2014-16336 _91045 |
||
| 035 | _a(NILC)RuMoRGB-006759425 | ||
| 035 | _a(NLR Aleph) 010354155 | ||
| 090 |
_a10757296 _c10757296 |
||
| 100 | _a20140507d2013 km y0rusy50 ca | ||
| 101 | 0 |
_arus _deng _eeng |
|
| 102 | _aRU | ||
| 105 | _aab||z||||00yy | ||
| 200 | 1 |
_aФундаментальные проблемы пространственного развития Российской Федерации: междисциплинарный синтез _dFundamental problems of spatial development of the Russian Federation: interdisciplinary synthesis _e[сборник] _fРос. акад. наук, [Прогр. фундам. исслед. Президиума РАН, 2009-2011 годы] _gотв. ред.: акад. В.М. Котляков _zeng |
|
| 210 |
_aМосква _cМедиа-Пресс _d2013 |
||
| 215 |
_a662, [1] с. _cил., карт. _d22 |
||
| 300 | _aРез. на англ. яз. | ||
| 320 | _aБиблиогр. в конце глав | ||
| 510 | 1 |
_aFundamental problems of spatial development of the Russian Federation: interdisciplinary synthesis _zeng |
|
| 606 | 1 |
_aРегиональная экономика _yРоссийская Федерация _92073469 _3RU\NLR\AUTH\661248372 |
|
| 607 |
_aРоссийская Федерация _xСоциально-экономическое развитие _92073290 _3RU\NLR\AUTH\661248179 |
||
| 675 | _a911.3:33(470) | ||
| 686 | 1 | _aУ04(2Р)9 | |
| 686 | 1 | _aУ03(2Р)74 | |
| 702 | 1 |
_4340 _7ca _8rus _aКотляков _bВ. М. _f1931- _gВладимир Михайлович _942071 _3RU\NLR\AUTH\7759139 |
|
| 712 | 0 | 2 |
_4570 _aРоссийская академия наук _bПрограмма "Фундаментальные проблемы пространственного развития Российской Федерации: междисциплинарный синтез" _9372060 _3RU\NLR\AUTH\8810243105 |
| 801 | 0 |
_aRU _bRuMoRKP _c20140306 _gRCR |
|
| 801 | 2 |
_aRU _bРГБ _c20140326 _grcr |
|
| 942 | _cBOOK | ||
| 980 | _aNBR | ||